| 000 | 00669nam a2200229 a 4500 | ||
|---|---|---|---|
| 005 | 20140310183523.0 | ||
| 008 | 111108s19uu xx 00 eng d | ||
| 020 | _a9780240811840 | ||
| 050 |
_aPN 2067 _b.T36 2010 |
||
| 100 | _aTan, Huaixiang | ||
| 245 |
_aCharacter costume figure drawing : _bstep-by-step drawing methods for theatre costume designers / _cTan Huaixiang. |
||
| 250 | _a2nd ed. | ||
| 260 |
_aMassachusetts : _bElsevier, _c2010. |
||
| 300 |
_a338 p. : _bcol. ill. ; _c22 cm. |
||
| 521 | _aMA | ||
| 650 | _aCostume | ||
| 650 | _aCostume design | ||
| 650 |
_aDrawing _xTechnique |
||
| 942 |
_cBK _2lcc _kFOR |
||
| 999 |
_c24459 _d24459 |
||